LEADER 02952nam 2200577 450 001 9910459815303321 005 20200520144314.0 010 $a0-19-935796-X 010 $a0-19-935795-1 035 $a(CKB)3710000000238154 035 $a(EBL)1784101 035 $a(OCoLC)890981589 035 $a(SSID)ssj0001332605 035 $a(PQKBManifestationID)12575593 035 $a(PQKBTitleCode)TC0001332605 035 $a(PQKBWorkID)11376796 035 $a(PQKB)11762668 035 $a(MiAaPQ)EBC1784101 035 $a(Au-PeEL)EBL1784101 035 $a(CaPaEBR)ebr10929653 035 $a(CaONFJC)MIL643717 035 $a(EXLCZ)993710000000238154 100 $a20140920h20142014 uy 0 101 0 $aeng 135 $aur|n|---||||| 181 $ctxt 182 $cc 183 $acr 200 10$aClausewitz $ehis life and work /$fDonald Stoker 210 1$aOxford, [England] ;$aNew York, New York :$cOxford University Press,$d2014. 210 4$dİ2014 215 $a1 online resource (283 p.) 300 $aDescription based upon print version of record. 311 $a1-322-12466-3 311 $a0-19-935794-3 320 $aIncludes bibliographical references and index. 327 $aTitle Page; Copyright Page; Dedication; Contents; List of Illustrations; Acknowledgments; Abbreviations Used in the Notes; Author's Note; Introduction: The Point of It All; 1. Boy Soldier (1780-1795); 2. The Ambitious Student of War (1795-1805); 3. Clausewitz at War: The 1806 Campaign; 4. A Political Education (1807-1812); 5. War and Words: The Campaign of 1812; 6. The Road to Tauroggen (1812); 7. 1813: War, Uprising, and Armistice; 8. 1813: Leipzig, Go?hrde, and the Stecknitz; 9. Clausewitz and the Fall of Napoleon (1813-1814); 10. 1815: The Waterloo Campaign 327 $a11. The Sum of It All (1815-1831)Conclusion: Clausewitz's Legacy; Appendix: Clausewitz's Battles; Notes; Select Bibliography; Index 330 $aCarl von Clausewitz's masterwork, On War, is generally considered the greatest text on military theory ever written. Clausewitz is a touchstone for the field today, and is read by scholars, students, and military personnel around the world. And yet to Clausewitz himself, far more important than achieving recognition for his scholarly and theoretical contributions was achieving glory on the field of battle-winning renown not with his pen but with his sword. Military historian Donald Stoker's perceptive biography of Carl von Clausewitz moves skillfully between Clausewitz's career as a soldier an 606 $aNapoleonic Wars, 1800-1815$xCampaigns$zRussia$vBiography 608 $aElectronic books. 615 0$aNapoleonic Wars, 1800-1815$xCampaigns 676 $a355.02092 700 $aStoker$b Donald J.$0475880 801 0$bMiAaPQ 801 1$bMiAaPQ 801 2$bMiAaPQ 906 $aBOOK 912 $a9910459815303321 996 $aClausewitz$91895229 997 $aUNINA LEADER 03050nam 2200757Ia 450 001 9910790307103321 005 20230801223427.0 010 $a1-280-78287-0 010 $a9786613693266 010 $a0-520-95161-1 024 7 $a10.1525/9780520951617 035 $a(CKB)2670000000208125 035 $a(EBL)928945 035 $a(OCoLC)794664355 035 $a(SSID)ssj0000676605 035 $a(PQKBManifestationID)11402768 035 $a(PQKBTitleCode)TC0000676605 035 $a(PQKBWorkID)10695877 035 $a(PQKB)11368283 035 $a(MiAaPQ)EBC928945 035 $a(DE-B1597)520382 035 $a(OCoLC)817091763 035 $a(DE-B1597)9780520951617 035 $a(Au-PeEL)EBL928945 035 $a(CaPaEBR)ebr10576444 035 $a(CaONFJC)MIL369326 035 $a(EXLCZ)992670000000208125 100 $a20120227d2012 uy 0 101 0 $aeng 135 $aurnn#---||||| 181 $ctxt$2rdacontent 182 $cc$2rdamedia 183 $acr$2rdacarrier 200 14$aThe adventures of Ibn Battuta, a Muslim traveler of the 14th century$b[electronic resource] /$fRoss E. Dunn 205 $aUpdated edition. 210 1$aBerkeley, Calif. ;$aLondon :$cUniversity of California Press,$d[2012] 215 $a1 online resource 311 0 $a0-520-27292-7 320 $aIncludes bibliographical references and index. 327 $tFront matter --$tContents --$tMaps --$tPreface to the 2012 Edition --$tPreface to the Revised Edition --$tPreface to the First Edition --$tAcknowledgements --$tThe Muslim Calendar --$tA Note on Money --$tAbbreviations Used in Footnotes --$tIntroduction --$t1. Tangier --$t2. The Maghrib --$t3. The Mamluks --$t4. Mecca --$t5. Persia and Iraq --$t6. The Arabian Sea --$t7. Anatolia --$t8. The Steppe --$t9. Delhi --$t10. Malabar and the Maldives --$t11. China --$t12. Home --$t13. Mali --$t14. The Rihla --$tGlossary --$tBibliography --$tINDEX 330 $aRoss Dunn here recounts the great traveler's remarkable career, interpreting it within the cultural and social context of Islamic society and giving the reader both a biography of an extraordinary personality and a study of the hemispheric dimensions of human interchange in medieval times. 606 $aTravelers$zIslamic Empire$vBiography 606 $aTravel, Medieval 610 $abiography. 610 $agreat traveler. 610 $ahistorical context. 610 $ahuman struggles. 610 $aislam. 610 $amedieval times. 610 $apolitical and social commentary. 610 $areligion and travel. 610 $areligion. 610 $aremarkable career. 615 0$aTravelers 615 0$aTravel, Medieval. 676 $a910.917 676 $a910.91767 676 $a910.92 700 $aDunn$b Ross E$0243333 801 0$bMiAaPQ 801 1$bMiAaPQ 801 2$bMiAaPQ 906 $aBOOK 912 $a9910790307103321 996 $aThe adventures of Ibn Battuta, a Muslim traveler of the 14th century$93823952 997 $aUNINA